00360cam a22000977a 4500008004000000082001600040245009900056260005000155300000800205700004900213180718b1968 xxu||||| |||| 00| 0 eng d aT39x42 Un3b aBritain as a market for developing countirescby Central Office of Information Reference, U.K. aLondonbHer Majesty's Stationery Officec1968 a27p aU.K. Central Office of Information Reference